[Event "Pamplona 9798 8th"]
[Site "Pamplona"]
[Date "1998.01.04"]
[Round "8"]
[White "Bacrot, Etienne"]
[Black "Magem Badals, Jordi"]
[Result "1-0"]
[WhiteElo "2545"]
[BlackElo "2550"]
[Annotator "Ribli,Z"]
[PlyCount "41"]
[EventDate "1997.12.28"]
[EventType "tourn"]
[EventRounds "9"]
[EventCountry "ESP"]
[EventCategory "13"]
[SourceTitle "CBM 063"]
[Source "ChessBase"]
[SourceDate "1998.03.26"]
[SourceVersion "1"]
[SourceVersionDate "1998.03.26"]
[SourceQuality "1"]

1. d4 d5 2. Nf3 Nf6 3. c4 dxc4 4. Nc3 e6 {4...c6 führt hier zur Hauptvariante
der Slawischen Verteidigung, während 4...a6 5.e4 b5 in eine prizipielle
Variante des angenommenen Damengambits lenkt. Ribli.} 5. e4 {Das ist die
thematische Zugfolge für Weiß. Nach 5.Bg5 c6 befinden wir uns in der
sogenannten Botwinnik-Variante der Slawische Verteidigung, während 5.Bg5 Bb4 6.
e4 c5 zur Partiefortsetzung führt.} (5. Qa4+ Nbd7 6. e4 a6 7. Bf4 b5 8. Nxb5
axb5 9. Qxa8 Bb4+ 10. Bd2 Nb6 11. Qc6+ Bd7 12. Qb7 Bc8 13. Qc6+ Bd7 {und hier
wurde Remis vereinbart in Karpov-Polgar,J.Dortmund 1997.}) 5... Bb4 6. Bg5 c5
7. Bxc4 cxd4 8. Nxd4 Bxc3+ 9. bxc3 Qa5 10. Nb5 {Das ist Karpovs
Lieblingsvariante. Der FIDE-Weltmeister spielte sie dreimal in seinem
Wettkampf 1993 gegen Timman.} (10. Bb5+ $5) 10... O-O (10... Nxe4 $5 {Nach
meiner Meinung ist dies die kritische Fortsetzung in der Variante.} 11. Bf4 O-O
12. O-O (12. Qf3 a6 13. Nc7 e5 14. Nxa8 exf4 15. Rc1 Qe5 16. Qe2 {Seres,
L-Koczka,Zs/Gyor junior/1991/1-0 (31)}) 12... Bd7 (12... Nd7 $1 13. Nc7 $6 e5
14. Nxa8 exf4 15. Bd5 Ndf6 (15... Nef6 $1) 16. Bxe4 Nxe4 {Karpov,A-Timman,J/
FIDE-Wch 1993/1-0 (53)} (16... Nxe4 $13 {1-0 Karpov,A-Timman,J/FIDE-Wch 1993 
(52)})) 13. a4 Bc6 14. Qg4 Nf6 15. Qe2 $44 {1-0 Karpov,A-Lautier,J/Credit
Suisse 1997 (39)}) (10... Bd7 11. Nd6+ Ke7 12. Qd2 Bc6 13. f4 Nbd7 14. Rd1 $1
Rhd8 15. Qd4 $1 {1-0 Karpov,A-Timman,J/FIDE-Wch 1993 (32)}) (10... Nc6) 11.
Bxf6 {Weiß spielt einen direkten Angriff am Königsflügel. Er kann damit nicht
warten, denn in der taktischen Wiener-Variante hängt alles von einem Tempo ab.}
gxf6 12. Qg4+ Kh8 13. Rd1 $1 {[%csl Rh8][%cal Rd1d3,Rd3h3]} (13. Qh4 Qd8 14.
Rd1 Nd7 {Das ist - mit Zugumstellung - unsere Partiefortsetzung.}) 13... Nd7 (
13... a6 14. Qh4 Kg7 (14... axb5 15. Qxf6+ Kg8 16. Rd3 Re8 17. Rg3+ Kf8 18. Rf3
Qc7 (18... Re7 19. Qh8#) 19. Bxb5 Nc6 20. Qh8+ Ke7 21. Rxf7+ Kd8 22. Qxe8+ (22.
Qf6+ $40) 22... Kxe8 23. Rxc7 $16) 15. Rd3 $16 {[%cal Rd3g3,Rg3g7]}) 14. Qh4
Qd8 $2 (14... a6 $5 15. Rd3 Rg8 (15... axb5 16. Rh3 $18) 16. Nd6 {[%csl Gd6,
Gh4,Rh8]} Rg7 {Die schwarze Stellung wirkt verdächtig, aber konkreter Vorteil
für Weiß ist schwer zu finden.} 17. Rg3 Kg8 18. O-O Rxg3 19. Qxg3+ Qg5 20. Qd3
b5 21. Bxe6 fxe6 22. Nxc8 Qg7 23. Nd6 Ne5 24. Qe3 {1/2-1/2 Razuvaev,Y-Drasko,M/
Moscow-A 1988}) 15. Nd6 $1 $14 {Dieser starke weiße Springer lähmt die
schwarze Stellung.} (15. Rd3 Rg8 16. Nd6 Qe7 $14) 15... Qe7 $8 16. f4 $1 {
Weiß vermeidet den möglichen Springerzug ...Nd7-e5 und bereitet die Stellung
für den Durchbruch e4-e5 vor.} (16. Rd3 Rg8 $13 17. Rh3 Rg7) 16... Rg8 (16...
Nb6 17. e5 Nxc4 18. Nxc4 Rg8 (18... Kg7 $2 19. Rd3 $18 {[%cal Rd3g3,Rg3g7]})
19. exf6 $16) 17. O-O Nb6 18. Rf3 $16 (18. e5 Nxc4 19. Nxc4 Rg6 $14 (19... Qc5+
20. Rd4 fxe5 21. Nxe5 $40 {[%csl Ge5,Gh4,Rh8]} (21. fxe5 $40))) 18... Nxc4 19.
Rh3 Rg7 {[#]} 20. e5 $1 $18 {Nach diesem schönen Zug ist Schwarz hilflos. Er
kann sich gegen die Drohung Pxf6 nicht verteidigen.} Nxd6 21. exf6 {Und
Schwarz gab in verlorener Stellung auf. Eine schnelle Angriffspartie von
Bacrot unter Mithilfe des spanischen Großmeisters.} 1-0

[Event "Ehrat Memorial (SUI-GER m)"]
[Site "Zuerich"]
[Date "1999.08.21"]
[Round "8"]
[White "Gabriel, Christian"]
[Black "Pelletier, Yannick"]
[Result "1-0"]
[WhiteElo "2578"]
[BlackElo "2479"]
[Annotator "Ribli,Z"]
[PlyCount "55"]
[EventDate "1999.08.13"]
[EventType "schev"]
[EventRounds "10"]
[EventCountry "SUI"]
[SourceTitle "CBM 073"]
[Source "ChessBase"]
[SourceDate "1999.12.01"]
[SourceVersion "1"]
[SourceVersionDate "1999.12.01"]
[SourceQuality "1"]
[WhiteTeam "Germany"]
[BlackTeam "Switzerland"]
[WhiteTeamCountry "GER"]
[BlackTeamCountry "SUI"]

{[%mdl 192]} 1. d4 Nf6 2. Nf3 d5 3. c4 e6 4. Nc3 dxc4 {Viele Jahre galt die
Wiener Variante als nicht spielbar. Heutzutage ist sie wieder recht beliebt,
aber dennoch riskant. Ribli.} 5. e4 Bb4 6. Bg5 c5 7. Bxc4 {Die Alternative 7.
e5 wird selten gespielt.} cxd4 8. Nxd4 Bxc3+ 9. bxc3 Qa5 {Dieses konkrete
Spiel ist typisch in der Wiener Variante. Schwarz beschäftigt sich nicht mit
der schnellen Entwicklung, sondern sucht sofort Gegenspiel.} 10. Bb5+ {Das ist
die beste Möglichkeit für Weiss, aber 10.Bxf6 oder 10.Nb5 sind auch spielbar.}
Nbd7 {Die Alternative 10...Bd7 ist auch spielbar.} 11. Bxf6 Qxc3+ {Schwarz
muss die Herausforderung annehmen, sonst bekommt Weiss besseres Spiel.} (11...
gxf6 12. O-O) 12. Kf1 gxf6 13. h4 (13. Rc1 Qb4 $13 {Das ist die andere
Variante mit unklaren Konsequenzen.} (13... Qa5 $2 14. Rxc8+ Rxc8 15. Bxd7+ Ke7
$8 (15... Kxd7 16. Nb3+ $18 {[%cal Rb3a5,Rd1d7]}) 16. Bxc8 Rxc8 17. h4 Rd8 18.
Rh3 $18 {[%cal Gh3d3]})) 13... Qa5 (13... a6 $5) 14. Rh3 $6 {Dieser Zug ist
typisch, aber ich glaube, in dieser konkreten Stellung wäre 13.Rc1 besser. Die
Partiefortsetzung bringt den Tuirm über die dritte Reihe ins Spiel.} (14. Rc1
$5) 14... a6 $6 {Es wäre besser, den d4-Springer zu verjagen, wonach Weiss das
Spiel vereinfachen muss.} (14... e5 $5 15. Bxd7+ Bxd7 16. Nf5 Bxf5 17. exf5 Rd8
18. Qc1 Rg8 19. Qc4 h5 20. a4 Rg4 21. Qb5+ Qxb5+ 22. axb5 Rb4 23. Rha3 Rxh4 24.
Rxa7 Rh1+ 25. Ke2 Rxa1 {1/2-1/2 Farago,I-Hoelzl,F/Budapest Elekes 1995/EXT 95 
(49)}) (14... Ke7 15. Rb1 Rd8 16. Qc1 $40) 15. Be2 Nc5 (15... Ke7 16. Rc1 Rd8
17. Qc2 Ne5 18. Qb2 Rd6 $1 19. Rb3 b5 $1 $8 (19... Nd7 20. f4 Nc5 21. Re3 $1
Rb6 22. Qc2 Rb4 23. Rc3 $1 Na4 24. Rxc8 {1-0 Lputian,S-Gabriel,C/Baden Baden
1996/CBM 55/[Mowsziszian] (24)}) (19... Kf8 20. h5 Qd8 21. Qa3 Qe7 22. Rg3 Rd7
23. Qe3 Qd8 24. Nf3 Nc6 25. Qh6+ Ke7 26. Qxh7 Nd4 27. Rg8 Qb6 28. Qg7 {1-0
Cramling,P-Galliamova,A/Jakarta iztW ;EXT 93 1993 (39)}) 20. f4 Nc4 21. Bxc4
bxc4 22. Rxc4 (22. e5 $2 fxe5 23. fxe5 Rxd4 $1 24. Qxd4 $10 {Browne,
W-Petursson,M/St.Martin/1991/0.5 (29)}) 22... Bd7 {Cramling,P-Rodriguez
Talavera,JC/Dos Hermanas (06)/1992/1-0 (32)}) 16. Qc2 $5 {Weiss vermeidet die
Vereinfachungen mit Nb3 und bereitet Druck in der c-Linie vor.} (16. Nb3 Nxb3
17. Qxb3 b6 (17... e5 18. Rf3 Qd8 19. Rc1 $1 $16 {1-0 Kramnik,V-Kaidanov,G/
Groningen 1993/Inf 59/[Kramnik,V] (31)}) (17... Qc7) 18. Rc1 Bb7 19. Rc7 Bxe4
20. Re3 Bd5 21. Qb2 b5 22. Rec3 Rd8 23. Rc1 e5 24. a3 O-O 25. R7c3 Kh8 26. Rg3
Rg8 27. Rcc3 Rxg3 28. Rxg3 Be6 {0-1 Schmidt,W-Khenkin,I/Polish Teams,
Lubniewice POL 1998 (28)}) 16... Bd7 {[%cal Gd7a4]} (16... e5 {[%cal Re5d4,
Rc8h3]} 17. Rc3 b6 18. Nc6 {[%csl Ra5]} Qa4 19. Rxc5 $18) 17. Rc1 b6 (17... Rc8
18. Rc3 {[%csl Rc5][%cal Rc1c8]} b6 19. Nb3 Qa4 20. Nxc5 Rxc5 21. Rxc5 bxc5 22.
Qxa4 Bxa4 23. Rxc5 $16) (17... e5 $5) 18. Qb2 $44 {[%cal Gb2f6]} Ke7 (18...
Nxe4 19. Re3 {[%cal Ge3e8]} Qe5 (19... Nd2+ 20. Kg1 $44) 20. Kg1 $44) 19. Rc4 {
[%cal Gh3a3,Ga3a5] Weiss kontrolliert die vierte Reihe mit dem Turm und droht
eventuell 20.Ra3.} Nxe4 (19... Rac8 20. Ra3 Ba4 21. Qc1 $16 {[%csl Ra4,Ra5]
[%cal Gc1c8]}) 20. Rc7 $1 {[%csl Re7][%cal Rd4c6,Rc6a5,Rc6e7]} Ke8 (20... Kd8
21. Rb7 $44) 21. Re3 {[%cal Ge3e8]} Qe5 {[%cal Re5c7,Ge5e4,Re5h2,Rh2h1,Rh1f1]}
(21... Nc5 22. Nf5 {[%csl Re8][%cal Rb2f6,Ge3e8]} Kd8 23. Ra7 $1 (23. Rxc5 bxc5
(23... Qxc5 $2 24. Qxf6+ {[%cal Rf6d8]} Kc7 25. Rc3 $16 {[%cal Rc3c7]}) 24. Nd6
Qb4 $17) 23... Rxa7 24. Qxf6+ Kc7 25. Qe5+ Kd8 (25... Kb7 26. Nd6+ Kb8 27. Nc4+
{[%cal Rc4a5,Re5b8]}) 26. Qxh8+ $16) 22. Qxb6 Qh2 $2 {[%cal Rh2h1,Rh1f1]
Dieser Zug ist zu optimistisch. Es droht zwar Matt auf h1, aber die Dame
verlässt den Hauptkriegsschauplatz.} (22... f5 $5 $13) 23. Bf3 $16 {[%csl Re4]
[%cal Rf3a8]} Nd2+ (23... f5 24. Rd3 $16 {[%csl Rd7][%cal Gd3d7,Gc7d7]}) 24.
Ke2 Nxf3 25. Nxf3 {[%csl Rh2]} Bb5+ {Schwarz opfert eine Figur, aber das hilft
nicht.} (25... Qf4 26. Rxd7 Kxd7 27. Qb7+ {[%csl Rd7][%cal Rb7d7]} Kd6 28. Rd3+
Kc5 29. Qe7+ Kc4 30. Nd2+ $18) 26. Qxb5+ $18 axb5 27. Nxh2 Rxa2+ 28. Kd1 {
[%cal Rc7c8,Rc8h8] Schwarz gab auf. Er hat eine Figur weniger und sein König
steht schlecht auf e8. Er kann nicht rochieren, denn sein König hat schon
gezogen.} (28. Kf3 $5 $18) (28. Kd1 $18) 1-0

[Event "MK Cafe Cup-A"]
[Site "Koszalin"]
[Date "1999.08.04"]
[Round "2"]
[White "Schmidt, Wlodzimierz"]
[Black "Tukmakov, Vladimir B"]
[Result "0-1"]
[WhiteElo "2436"]
[BlackElo "2557"]
[Annotator "Ribli,Z"]
[PlyCount "150"]
[EventDate "1999.08.03"]
[EventType "swiss"]
[EventRounds "9"]
[EventCountry "POL"]
[SourceTitle "CBM 073"]
[Source "ChessBase"]
[SourceDate "1999.12.01"]
[SourceVersion "1"]
[SourceVersionDate "1999.12.01"]
[SourceQuality "1"]

{[%mdl 4128]} 1. Nf3 d5 2. d4 Nf6 3. c4 e6 4. Nc3 dxc4 5. e4 {Das ist die
prinzipielle Fortsetzung. 5.e3 führt zum Angenommenen Damengambit und nach 5.
Bg5 kann Schwarz wählen. Mit 5...c6 käme er in die Botwinnik Variante oder mit
5...Bb4 6.e4 zur Partiefortsetzung. Ribli.} Bb4 6. Bg5 c5 7. Bxc4 cxd4 8. Nxd4
Bxc3+ 9. bxc3 {Schwarz hat die bessere Bauernstruktur, aber Weiss hat das
Läuferpaar und Entwicklungsvorteil.} Qa5 10. Bb5+ Bd7 {Dieser Zug wird relativ
selten gespielt.} (10... Nbd7) 11. Bxf6 gxf6 12. Bxd7+ {Der sofortige
Läufertausch ist theoretisch weniger gefährlich für Schwarz als 12.Qb3.} (12.
Qb3 $5 a6 13. Be2 {Das ist die prinzipielle Variante, in der Weiss um
Eröffnungsvorteil kämpfen kann.}) 12... Nxd7 13. O-O a6 {Dieser Zug ist immer
nützlich. Schwarz verhindert die eventuelle Möglichkeit ...Nb5.} (13... Qxc3
14. Qa4 (14. Nb5 $40) 14... O-O 15. Nxe6 Nb6 16. Qd4 Qxd4 17. Nxd4 Rfd8 18. Nf5
Nc4 19. Rfb1 b6 20. f3 {1-0 Antic,D-Zontakh,A/It, Jagodina YUG 1998 (73)}) (
13... Rd8 14. Rb1 Ne5 15. Qh5 O-O 16. Nxe6 fxe6 17. Rxb7 h6 18. f4 Rf7 19. Rxf7
Qb6+ 20. Kh1 Nxf7 {1/2-1/2 Bunzmann,D-Acs,P/FSGM June, Budapest HUN 1998 (31)})
14. Rb1 {[%cal Gb1b7]} Qc7 {Weiss hat die halboffene b-Linie und der König des
Gegners steht in der Mitte. Trotzdem hat auch Schwarz seine Chancen. Er kann
mit dem Springer vom Vorposten c5 aus die wichtigsten Punkte kontrollieren.} (
14... Nc5 15. Nb3 Nxb3 16. Qxb3 $14) 15. Qh5 (15. f4 O-O-O $5 16. Qe2 (16. Qf3
$5) 16... Nc5 $13 17. Rb4 {[%cal Gf1b1,Gb1b7]} Kb8 18. Rfb1 Rd6 {[%csl Gd6]}
19. Rc4 Rc8 20. Qh5 Rb6 21. Rbb4 Qd6 $1 {0-1 Gyimesi,Z-Acs,P/Lillafured 1999/
CBM 70/[Ribli] (28)}) 15... Ke7 $1 {[%csl Ge7] Der König steht auf ersten
Blick viellleicht sonderbar auf e7, aber in Wirklichkeit findet er dort Ruhe.}
(15... Nc5 16. Rb4 {/\ Rc4,Ne6} Qe5 17. Qxe5 fxe5 18. Nb3 Nxb3 19. axb3 O-O-O
20. f4 $1 $14 {1/2-1/2 Gulko,B-Salov,V/Linares 1990/CBM 17/(58)}) 16. Rfd1 Rad8
$11 {Die Stellung ist ein typisches Beispiel zum Thema dynamisches
Gleichgewicht. Die Bauernschwächen sind beiderseitig. Der schwarze König steht
auf e7 fürs Endspiel ausgezeichnet, während Schwarz aber im Mittelspiel
vorsichtig sein muss.} (16... Rac8 17. Qh4 b5 18. f4 Qxc3 19. Rb3 Qc5 20. h3
Rhd8 21. Kh1 Nf8 22. Rbd3 Ng6 23. Qf2 Qc7 24. Qd2 Ke8 25. f5 Nf8 26. fxe6 Nxe6
27. Rf1 Nc5 28. Rc3 Qe5 29. Rd1 Nxe4 30. Rxc8 Rxc8 31. Qe1 Rd8 {0-1 Pelletier,
Y-Brunner,L/Biel 1994/CBM 43 (31)}) 17. Rd3 {[%cal Gd3h3] Weiss verteidigt den
c3-Bauern und bringt den Turm auf der dritten Reihe ins Spiel.} (17. Rb4 $11 {
[%cal Gd1b1,Gb1b7]} Qxc3 $2 18. Rxb7 $16 {[%csl Gb7,Re7]}) (17. Qe2 $11) 17...
Ne5 18. Rg3 Ng6 {[%cal Gg6f4,Gf4h5]} 19. Qd1 {[%cal Gd1b3] Die Dame kehrt
zurück und sucht neue Angriffspunkte.} Rd7 {[%cal Gd7b7] Schwarz verteidigt
vorsorglich seinen b7-Bauern und kann im folgenden entweder ...Rhd8 oder ...
Rc8 ziehen.} 20. Qb3 Rc8 {[%cal Gc8c3,Gd7d4]} 21. Re1 Qc4 {[%csl Gc4]} 22. Qb1
(22. Qxc4 Rxc4 $15 {[%csl Rc3] Nach dem Damentausch wird die Schwäche des
Bauern c3 spürbar.}) 22... Rc5 {[%csl Gc4,Gc5][%cal Gc5a5,Ga5a2]} 23. h3 (23.
Nb3 Re5 $11 (23... Rg5 $11)) 23... Ra5 {[%csl Ra2]} 24. Nb3 Rg5 25. Rxg5 (25.
Rge3 Nf4 $17 {[%csl Gf4,Rg1,Rg2,Gg5][%cal Rg5g2]}) 25... fxg5 $15 {Jetzt hat
Schwarz die bessere Bauernstruktur und aktives Figurenspiel.} 26. Qc1 {[%cal
Gc1c3,Rc1g5] Weiss verteidigt seinen c3-Bauern und greift den g5-Bauern an.} h6
27. g3 {Gegen Nf4 gerichtet.} Kf8 {[%cal Gf8g7] Jetzt beginnt der Manöverkampf.
Schwarz verbessert seine Königsstellung.} 28. Kg2 Kg7 29. Re3 Ne5 {[%csl Yd3]
[%cal Ge5d3]} 30. Qc2 Qc6 {[%cal Gc6g2]} (30... b5 $15) 31. Na5 Qc7 (31... Qc5
32. Nb3) 32. Nb3 Qc6 33. Na5 Qc7 34. Nb3 b5 {[%csl Gc4] Schwarz ist nicht
zufrieden mit der Zugwiederholung. Mit der Partiefortsetzung festigt er Feld
c4, einen guten Vorposten für seinen Springer.} 35. Qe2 Qc4 (35... Nc4 36. Rd3
{Dieselbe Stellung haben wir im 40. Zug .}) 36. Qc2 (36. Qxc4 Nxc4 37. Re2 a5
$17 {[%csl Gc4][%cal Gd7d1]}) 36... Qc6 {[%cal Gc6g2]} 37. Qe2 Qc4 38. Qc2 Qc6
39. Qe2 Nc4 40. Rd3 e5 {Schwarz nimmt dem weissen Springer das Feld d4.} (40...
Rxd3 41. Qxd3 e5 42. Qd5 $132) 41. Rxd7 Qxd7 {[%csl Gc4][%cal Gd7d1]} 42. h4 $6
{Dieser Zug gefaällt mir nicht. Er schwächt die weisse Königsstellung.} (42. a4
$5 {Weiss könnte so Bauern am Damenflügel tauschen.}) 42... gxh4 43. gxh4 Qc6 {
[%cal Gc6g6,Gg6g2,Gc6g2,Gc6c3]} 44. Qg4+ Kf8 45. Qf5 {[%csl Gf5]} Ke7 (45...
Nd6 $5 46. Qf6 {[%csl Re5,Rh6][%cal Gf6c6,Rf6h6,Rh6f8]} (46. Qxe5 Qxe4+ 47.
Qxe4 Nxe4 $17 {[%csl Rc3][%cal Re4c3]}) 46... Qxe4+ 47. f3 Qg6+ 48. Qxg6 fxg6
49. Nc5 {[%cal Rc5a6,Rc5d7,Rd7f8,Rd7e5]} Nf5 {[%csl Rc3][%cal Rf5h4,Rf5e3,
Re3d1,Rd1c3]} 50. Kh3 Ne3 51. Nd7+ Kg7 52. Nxe5 $15) 46. h5 Qf6 47. Qh3 (47.
Qxf6+ Kxf6 {[%csl Rh5][%cal Rf6g5,Rg5h5]} 48. Nc5 a5 $15) 47... Qg5+ 48. Kf1
Qf4 {[%csl Re4,Gf4]} 49. Qd3 (49. Nc5 Nd2+ 50. Kg1 Kf6 $15 (50... Nxe4 51. Qd7+
Kf6 52. Qc6+ Kf5 53. Nxe4 Qxe4 54. Qxh6 $15)) 49... Qh4 {[%csl Rh5] Dank
seines 42. Zuges hat Weiss Probleme mit dem h-Bauern.} 50. Qf3 Kf8 51. Ke2 Qg5
52. Nc5 {[%csl Ra6][%cal Rc5a6]} (52. Kf1 a5 $15) 52... Qd2+ 53. Kf1 Qd6 {
[%csl Gd6][%cal Rd6c5,Rc4d2,Rd2f3,Rd2f1] Schwarz verteidigt sich gegen Qf6.} (
53... Qxa2 54. Qf6 $44 {[%csl Rf8,Rh6][%cal Rf6h6]}) 54. Nb3 a5 {[%cal Ga5a4]}
55. Qf5 {[%cal Gf5c8,Gc8f8]} Ke7 (55... Qd3+ 56. Kg2 Qxc3 57. Qf6 $11 {[%csl
Rf8,Rh6][%cal Rf6h6]}) 56. Qc8 (56. Kg2 a4 {[%csl Rb3]} 57. Nc1 Qd2 $19 {
[%cal Rd2c1,Rc4e3,Re3g2,Re3f5,Gd2g2]}) 56... Qd3+ {[%cal Rd3e4,Rd3f1]} (56...
a4 57. Nc5 $15) 57. Kg1 Qxe4 58. Qc5+ {[%cal Rc5b5,Rc5e7]} Kf6 59. Qxb5 {
Weiss hält das materielle Gleichgewicht, aber die schwarzen Figuren stehen
aktiver.} Qg4+ {[%cal Rg4g1,Rg4h5]} 60. Kf1 a4 61. Nc5 (61. Qxa4 $4 Ne3+ $19 {
[%cal Re3f1,Rg4a4]}) 61... Qd1+ (61... Nd2+ $5 62. Ke1 Nf3+ 63. Kf1 Nh2+ 64.
Ke1 Qg1+ 65. Kd2 (65. Ke2 Qf1+ $19 {[%cal Rf1b5]}) 65... Qxf2+ $17) 62. Kg2
Qd5+ {[%cal Gd5b5]} 63. Kg3 Kg5 $1 {[%csl Gg5,Rh5] Der schwarze Koenig geht
voran.} 64. Qb4 {Weiss muss zuerst den Springer entfesseln.} Kxh5 65. Nxa4 Qd3+
{[%csl Rg3]} 66. f3 (66. Kg2 Nd2 {[%csl Rg2][%cal Gd3f3,Gf3g2,Gd3f1,Gf1g2]} 67.
Qb7 Kh4 $1 {[%csl Rg2] Der weise Koenig befindet sich im Mattnetz. Es droht 68.
..Qf1+ 69.Kh2 Qh3+ 70.Kg1 Nf3+.} 68. Qe7+ (68. Qb4+ e4 69. Qe7+ Kg4 $19) 68...
Kg4 $19) 66... Qe2 67. Qe7 (67. Qb1 {[%cal Rb1f5,Rf5h5]} Ne3 68. Qh1+ Kg5 $17
69. Qh4+ $2 Kg6 $19 {[%csl Rg3][%cal Re3f5,Rf5g3,Rf5h4,Re2g2,Rg2g3]}) 67...
Qe1+ 68. Kh3 (68. Kg2 Ne3+ $19) 68... Qh1+ 69. Kg3 Qg1+ 70. Kh3 Kg6 {Schwarz
muss den f7-Bauern verteidigen.} 71. Nc5 (71. Qc5 Ne3 72. Qd6+ f6 73. Qd2 Kg5
$19 {Es droht 74...Qh1+ 75.Qh2 Qf1+ 76.Kg3 Nf5#.}) 71... Ne3 $17 72. Qd6+ (72.
Qxe5 Qg2+ 73. Kh4 Nf5+ {[%cal Rf5h4]}) 72... Kh7 (72... f6 $5 $19) 73. Qxe5
Qg2+ 74. Kh4 Qxf3 $19 {[%csl Rh4][%cal Re3g2,Rg2h4,Re3f5,Rf5h4] Der weisse
König befindet sich im Mattnetz.} 75. Qe4+ Nf5+ 0-1

[Event "RUS-ch m3-4"]
[Site "Elista"]
[Date "1997.05.21"]
[Round "1.3"]
[White "Notkin, Maksim"]
[Black "Yakovich, Yuri"]
[Result "0-1"]
[WhiteElo "2515"]
[BlackElo "2575"]
[Annotator "Ribli,Z"]
[PlyCount "81"]
[EventDate "1997.04.19"]
[EventType "k.o."]
[EventRounds "6"]
[EventCountry "RUS"]
[SourceTitle "CBM 059"]
[Source "ChessBase"]
[SourceDate "1997.08.01"]
[SourceVersion "1"]
[SourceVersionDate "1997.08.01"]
[SourceQuality "1"]

1. d4 d5 2. c4 e6 3. Nf3 Nf6 4. Nc3 dxc4 5. e4 Bb4 6. Bg5 c5 7. Bxc4 cxd4 8.
Nxd4 Bxc3+ 9. bxc3 Qa5 10. Bxf6 $6 (10. Bb5+ $5) 10... Qxc3+ 11. Kf1 gxf6 12.
Rc1 Qa5 13. h4 {Auf diese Weise mobilisiert Weiß seinen anderen Turm. Er hat
einen Bauern geopfert, besitzt dafür aber gute Angriffschancen, da der
gegnerische König auf ewig im Zentrum festgehalten ist (Rochade wäre noch
gefährlicher.)} Nc6 (13... Ke7 14. Rh3 Rd8 15. Nf5+ $5 exf5 16. Qh5 {->}) 14.
Nxc6 bxc6 15. Rh3 {[%csl Re8][%cal Gh3a3]} Ke7 16. Rd3 Rd8 (16... Rb8 17. Kg1
Rb2 $5 (17... Rd8)) 17. Rxd8 Qxd8 18. Qh5 Qd4 {[%csl Gd4] Schwarz hat "Glück"
daß seine Dame sehr gut auf d4 zentralisiert ist. Der Ph7 ist nicht von
Bedeutung, da sich die Damen noch auf dem Brett befinden.Ribli.} 19. Kg1 (19.
Be2 Rb8 $13 {[%cal Gb8b1]}) (19. Qxh7 Rb8 (19... c5 $1 $15 {/\ 20...Bb7}) 20.
Qh5 (20. Bb3 Ba6+ 21. Kg1 Bd3 22. Qg7 Bxe4 23. Qg3 $1 (23. Qg4 Rd8 24. Rd1 Qe5
25. Rxd8 Kxd8 26. h5 Ke7 {Tunik,G-Vyzmanavin,A/URS-sf Russia-ch Gorky 1989/0-1
(58)}) 23... Rh8 {1/2-1/2 Karpov,A-Huebner,R/Skelleftea WCup 1989 (29)}) 20...
Rb2 21. Qf3 c5 22. Qe3 Qxe3 23. fxe3 Bb7 24. Bb3 Bxe4 25. Rxc5 Bxg2+ 26. Kg1 f5
{0-1 Solana,E-Magem Badals,J/ESP-ch 1989 (40)}) 19... Bd7 (19... c5 20. Bb5 (
20. Be2 Rb8 21. Qxc5+ Qxc5 22. Rxc5 Bd7 23. Bd3 Rb4 24. Rh5 Rd4 25. Bc2 Rc4 {
0-1 Cebalo,M-Govedarica,R/Belfort op 1989 (53)}) 20... a6 21. Bf1 Bb7 22. Rxc5
Rc8 23. Rxc8 Bxc8 24. Qxh7 Bb7 25. h5 Bxe4 26. Qg7 Qd1 27. Qg3 Qxh5 28. Qa3+
Kd7 29. Qxa6 Bc6 {Naumkin,I-Kishnev,S/Muenster op 1990/1/2-1/2 (67)}) 20. Bb3
$6 {Weiß spielt diesen Zug in dem Moment, da Schwarz nicht mehr Ba6 ziehen
kann. Aber er verliert seinen Pe4 und von e4 aus kann Schwarz seinen Ph7
verteidigen.Ribli.} Qxe4 $15 21. Rd1 (21. Qc5+ Ke8 $15) 21... Qf5 22. Qh6 (22.
Qxf5 exf5 23. Bxf7 Be6 24. Bxe6 Kxe6 $17 {[%csl Gc6,Ge6] Im Turmendspiel steht
Schwarz mit seinem aktiven König,und dem c-Freibauern klar besser.Ribli.})
22... Rb8 23. Qd2 {[%csl Rd6][%cal Rd2d7]} Rb7 24. Qd6+ Ke8 {Auf den ersten
Blick hat Weiß gute Angriffschancen, aber in Wirklichkeit ist es sehr schwer,
seine Stellung zu verbessern. Schwarz verteidigt die wichtigen Felder.Ribli.}
25. Re1 Qa5 {[%cal Ya5c7,Yc7d6,Ra5e1]} 26. Re4 Qc7 {[%csl Gc7] Schwarz möchte
die Damen tauschen, was für den Nachziehenden von Vorteil wäre.Ribli.} 27. Qd2
{Schwarz geht schrittweise vor. Zuerst er vertreibt er die weiße Dame von d6.
Ribli.} c5 28. Qh6 Rb4 $1 29. Re3 (29. Rxb4 cxb4 {Die schwarzen Bauern am
Damenflügel sind gefährlich.Ribli.} 30. Qxf6 (30. Qxh7 a5) 30... a5 {[%cal
Ra5a4]}) 29... Qf4 {[%csl Gf4]} 30. Qxh7 {Weiß muß die Damen auf dem Brett
halten.Ribli.} Qxh4 31. Qg8+ Ke7 32. Qa8 Qd4 $1 $17 (32... c4 33. Re4 {[%cal
Re4h4,Re4b4]} Qh6 (33... cxb3 $2 34. Rxh4 bxa2 35. Qxa7 Rb1+ 36. Kh2 a1=Q 37.
Qc5+ $18) 34. Qxa7 {[%cal Ra7c5,Rc5b4,Rc5e7]} (34. Rxc4 Rxc4 35. Bxc4 Qc1+ 36.
Bf1 $15 Bb5 $2 37. Qxa7+ (37. Qb7+ Bd7 38. Qxa7 $14) 37... Kf8 38. Qb8+)) 33.
Qxa7 Qa1+ 34. Kh2 Rh4+ 35. Kg3 Qd4 {[%cal Rd4f4,Rd4g4] Droht Matt auf f4,und
g4.} 36. f3 $8 Rg4+ $1 {Noch eine Feinheit.} 37. fxg4 (37. Kf2 Rxg2+ $19) 37...
Qxe3+ 38. Kh2 (38. Kh4) 38... Qf4+ 39. Kg1 Qd4+ 40. Kh1 Kf8 {Befreit den
Läufer von der Fesselung und verbessert die Königsstellung.Ribli.} 41. Qb6 {
Und Weiß gab gleichzeitig auf.Ribli.} (41. Qb6 Kg7 $19) 0-1